| 000 | 01744nam0a2200337 4500 | ||
|---|---|---|---|
| 001 | RU\NLR\bibl\464683 | ||
| 005 | 20260408184600.0 | ||
| 021 |
_aRU _b2003-57074 _92790 |
||
| 035 | _a(NLR Aleph) 000458056 | ||
| 090 |
_a916135 _c916135 |
||
| 100 | _a20031126d2002 |||y0rusy50 ca | ||
| 101 | 0 | _arus | |
| 102 | _aRU | ||
| 105 | _ay ||||||||| | ||
| 200 | 1 |
_aЧисленный метод решения задачи Стокса с разрывными коэффициентами в прямоугольнике _dA numerical method for solving the stokes problem with discontinuous coefficients in restangle _fА.В. Рукавишников _zeng |
|
| 210 |
_aВладивосток _cДальнаука _d2002 |
||
| 215 |
_a38 с. _d21 |
||
| 225 | 1 |
_aПрепринт _dPreprint _fРос. акад. наук. Дальневост. отд-ние, Ин-т прикл. математики. Хабар. отд-ние _vN 10 _zeng |
|
| 300 | _aАвт. также на англ. яз.: Alexey V. Rukavishnikov | ||
| 320 | _aБиблиогр.: с. 36-37(15 назв.) | ||
| 510 | 0 |
_aA numerical method for solving the stokes problem with discontinuous coefficients in restangle _zeng |
|
| 606 | 0 |
_aНавье-Стокса уравнения _xРешение _xЧисленные методы _92236198 _3RU\NLR\auth\661342007 |
|
| 606 |
_aУравнения Навье-Стокса _xРешение _xЧисленные методы _3RU\NLR\auth\661139029 _91868521 |
||
| 686 | _aВ253.310с115 | ||
| 700 | 1 |
_aРукавишников _bА. В. _gАлексей Викторович _4070 |
|
| 801 | 0 |
_aRU _bNLR _c20031126 _gPSBO |
|
| 801 | 1 |
_aRU _bNLR _c20031126 |
|
| 830 | _aАвт. по кн. | ||
| 942 | _cBOOK | ||
| 980 | _aNB | ||